The future of warfare (Record no. 35785)

MARC details
000 -LEADER
fixed length control field 00526nam a2200181Ia 4500
020 ## - INTERNATIONAL STANDARD BOOK NUMBER
ISBN 9780393037807
050 ## - CALL MARK
Classification number UA 23 .A547/
100 ## - STATEMENT OF RESPONSIBILITY--MAIN AUTHOR NAME
Personal name Alexander, Bevin
245 #4 - TITLE STATEMENT
Title The future of warfare
260 ## - PUBLICATION, DISTRIBUTION, ETC. (IMPRINT)
Place of publication New York
260 ## - PUBLICATION, DISTRIBUTION, ETC. (IMPRINT)
Name of publisher W.W. Norton
260 ## - PUBLICATION, DISTRIBUTION, ETC. (IMPRINT)
Year of publication c1995
300 ## - PHYSICAL DESCRIPTION
Number of Pages 235 p
650 ## - SUBJECT ADDED ENTRY--TOPICAL TERM
Topical Term Low-intensity conflicts (Military science) Balance of power. Guerrilla warfare--Case studies. United States--Military policy.
942 ## - ADDED ENTRY ELEMENTS (KOHA)
Koha item type Books
Holdings
Withdrawn status Lost status Source of classification or shelving scheme Damaged status Not for loan Permanent Location Current Location Date acquired Accession Number Price effective from Koha item type
    Library of Congress Classification     NILE UNIVERSITY OF NIGERIA - MAIN LIBRARY NILE UNIVERSITY OF NIGERIA - MAIN LIBRARY 04/23/2025 0010835 04/23/2025 Books